00620nam a2200205 a 4500001001300000003000900013005001700022008004100039020002300080082001500103100001700118245008400135260005500219300001000274500003500284505004400319650002300363650001100386700001700397nice12345678IN_TiNIC20260116013755.0050524s1999 newa grp 000 0 eng  a8121535 c67500a297.1bREN aRenard, John aWindows on the House of Islamb Muslim Sources on Spirituality and Religious Li aNew Delhi bMunshiram Manoharlal Publishers c1999 a431p. aincludes index and biblioraphy2 aCommunal and Ethinic Violence in India. aIslam-Meccan Trade aSufism1 aRenard, John